00645nam a22001097a 4500040000800000082002700008100004300035245032000078260002600398300002300424856008800447 cRUA aAVM HAN 2018 B649 Or.1 aHANG CHHEANG ហង្ស ឈៀង​ agastrointestinal parasite of goats in nak srey oun farm at batheay district, kampong cham បរាសិតក្នុងក្រពះពោះវៀនពពែរ នៅកសិដ្ឋាន​ណាក​ស្រីអូន​ នៅស្រុកបាធាយ ខេត្តកំពុងចាម aRUAbphnom penhc2018 aix;36pbill;c29cm u https://drive.google.com/file/d/1DSKCAA4hm424ySKEt95n_W5lQCQopMm8/view?usp=sharing